Name the Michigan City - Statistics

General Stats
  • This quiz has been taken 21 times
  • The average score is 7 of 10
Answer Stats
Picture Answer % Correct
Detroit
100%
Lansing
92%
Flint
83%
Traverse City
75%
Kalamazoo
67%
Sault Ste. Marie
67%
Marquette
58%
Pontiac
50%
Port Huron
33%
St. Ignace
33%
No matching quizzes found
Score Distribution
Percent of People with Each Score
Percentile by Number Answered
Your Score History
You have not taken this quiz